Online Catalogue and eLibrary

Barathi puthaiyal perunthiraddu (Record no. 3841)

MARC details
000 -LEADER
fixed length control field 00433nam a2200169Ia 4500
005 - DATE AND TIME OF LATEST TRANSACTION
control field 20250311051341.0
008 - FIXED-LENGTH DATA ELEMENTS--GENERAL INFORMATION
fixed length control field 240331s9999 xx 000 0 und d
082 ## - DDC Classification
Item Number - Author Mark BAR
Class No. 891
245 #0 - TITLE STATEMENT
Title Barathi puthaiyal perunthiraddu
260 ## - PUBLICATION, DISTRIBUTION, ETC.
Place of publication, distribution, etc. Chennai
Name of publisher, distributor, etc. Vanathi Publishers
Date of publication, distribution, etc. 1982
300 ## - PHYSICAL DESCRIPTION
Extent (e.g. Volumes, Pages etc.) 583 p .,
650 ## - SUBJECT ADDED ENTRY--TOPICAL TERM
Topical term or geographic name entry element Barathi Songs
650 ## - SUBJECT ADDED ENTRY--TOPICAL TERM
Topical term or geographic name entry element Barathi Essays
650 ## - SUBJECT ADDED ENTRY--TOPICAL TERM
Topical term or geographic name entry element Barathi Poems
700 ## - ADDED ENTRY--PERSONAL NAME
Personal name Pathmanaban, R.A,.
Relator term (Role) Editor
942 ## - Koha item type (Biblio)
Koha item type Books in Stacks (Lending)
Holdings
Lost status Damaged status Collection code Home library Current library Shelving location Date acquired Full call number Accession Number Item type
    Lending WERC Library WERC Library Social Science Cupboard 03/31/2024 894.811 BAR 2602 Books in Stacks (Lending)

© WERC Library